Nordic flags of WW1 - Statistics

General Stats
  • This quiz has been taken 105 times
  • The average score is 17 of 20
Answer Stats
Picture Hint Answer % Correct
744,000 United Kingdom
96%
61,527 Australia
95%
38,170 Belgium
95%
1,150,000 France
95%
53,402 United States
95%
1,800,000 Germany
94%
460,000 Italy
94%
18,166 New Zealand
94%
7,222 Portugal
94%
87,500 Bulgaria
92%
335,706 Romania
92%
1,200,000 Russian Empire
90%
127,500 Serbia
86%
305,085 Ottoman Empire
81%
7,121 South Africa
73%
56,638 Canada
72%
1,016,200 Austria-Hungary
70%
5,000 Greece
65%
3,000 Montenegro
51%
1,204 Newfoundland
41%
No matching quizzes found
Score Distribution
Percent of People with Each Score
Percentile by Number Answered
Your Score History
You have not taken this quiz